BTS songs - Statistics

General Stats
  • This quiz has been taken 731 times
  • The average score is 10 of 16
Answer Stats
Hint Answer % Correct
Burn it up Fire
97%
No, not today (LOL, i gave away the answer) Not Today
92%
Ayo ladies and gentlemen Dope
86%
I'm so sick of this... Fake Love
80%
Peaches and cream, sweeter than sweet Blood Sweat and Tears
79%
Forever we are young Young Forever
78%
I wanna big house, big cars, & big rings No More Dream
76%
I need your love before I fall Save Me
75%
SAY WHAT YOU WANT, SAY WHAT YOU WANT Boy in luv
66%
Don't tell me bye bye Run
66%
Is it true? Is it true? Butterfly
58%
(this is not part of the quiz) JUNGKOOK FOREVER!!!!!! (BTW, type kookie world in the answer slot) Kookie World
56%
I'm takin' over you Pied piper
44%
Waiting for you... Anpanman
12%
Love me nooooow, touch me nooooow Intro:Serendipity
11%
You don't gotta worry bout a thing, nah not a thing Don't Leave Me
10%
No matching quizzes found
Score Distribution
Percent of People with Each Score
Percentile by Number Answered
Your Score History
You have not taken this quiz